000 00361nam a22001577a 4500
003 MPLRDC
005 20220104123857.0
008 210129b ||||| |||| 00| 0 eng d
082 _a490.8 XDGS v.5
100 _a王子玮著
245 _a小本创业
_c
260 _a
_b现代工商出版社
_c
300 _b
650 _a
942 _cBK
_o490.8 XDGS v.5
999 _c14898
_d14888